00438nam a2200121Ia 4500008004100000245014100041260001900182260000900201300000600210650002600216650001200242856006200254170516s9999 xx 000 0 und d aAlzheimer’s Disease Detection in Brain Magnetic Resonance Images Using Multiscale Fractal Analysis, Salim Lahmiri and Mounir Boukadoum bISRN Radiology c2014 a: xRadiologic Technology xRadtech uhttps://www.hindawi.com/journals/isrn/contents/radiology/